|
|
|
|
| LEADER |
00634cam a2200181 7i4500 |
| 001 |
0000031175 |
| 005 |
20140407090000.0 |
| 020 |
0 |
0 |
|a 9789287038395
|
| 090 |
0 |
0 |
|a I 610.28
|b PRO
|
| 245 |
0 |
0 |
|a Promoting access to medical technologies and innovation :
|b intersections between public health, intellectual property and trade.
|
| 260 |
0 |
0 |
|a Geneva:
|b World Health Organization,
|c 2013.
|
| 300 |
# |
# |
|a 257 p.
|
| 650 |
0 |
0 |
|a International trade
|
| 650 |
0 |
0 |
|a Intellectual property
|
| 650 |
0 |
0 |
|a Medical technology
|
| 650 |
0 |
0 |
|a Pharmaceutical policy
|
| 650 |
0 |
0 |
|a Drug accessibility
|
| 999 |
|
|
|a 0000033553
|b Book
|c International
|e Business Information Centre
|